| Tag |
First Indicator |
Second Indicator |
Subfields |
| LEADER |
00000cam a2200000I 4500 |
| 001 |
in00001691221 |
| 005 |
20151024142336.0 |
| 008 |
740502s1963 mdu 000 0 eng d |
| 019 |
|
|
|a 1303289
|
| 035 |
|
|
|a (OCoLC)ocm00876822
|
| 040 |
|
|
|a STU
|c STU
|d TXA
|d UtOrBLW
|
| 049 |
|
|
|a TXAM
|
| 090 |
|
|
|a PS2116
|b .W3 1963
|
| 100 |
1 |
|
|a James, Henry,
|d 1843-1916.
|
| 245 |
1 |
0 |
|a Washington Square.
|
| 264 |
|
1 |
|a Baltimore :
|b Penguin Books,
|c [1963]
|
| 300 |
|
|
|a 174 unnumbered pages ;
|c 18 cm.
|
| 336 |
|
|
|a text
|b txt
|2 rdacontent
|
| 337 |
|
|
|a unmediated
|b n
|2 rdamedia
|
| 338 |
|
|
|a volume
|b nc
|2 rdacarrier
|
| 490 |
0 |
|
|a Penguin modern classics,
|v 1920
|
| 536 |
|
|
|a Donated through the generosity of Professor Frank Friedeberg Seeley, August 2000.
|
| 948 |
|
|
|a cataloged
|b h
|c 2002/7/25
|d c
|e jgreene
|f 3:17:33 pm
|
| 994 |
|
|
|a E0
|b TXA
|
| 999 |
|
|
|a MARS
|
| 999 |
f |
f |
|s d0da9d58-ffa8-3c25-bd3a-a3583db5f119
|i 23b5f788-dc5b-3f24-a4bd-79496c3e6a5e
|t 0
|
| 952 |
f |
f |
|p normal
|a Texas A&M University
|b College Station
|c Sterling C. Evans Library
|d Evans: Library Stacks
|t 0
|e PS2116 .W3 1963
|h Library of Congress classification
|i unmediated -- volume
|m A14829203274
|
| 998 |
f |
f |
|a PS2116 .W3 1963
|t 0
|l Evans: Library Stacks
|